000 00856nam a2200241Ia 4500
005 20240530102101.0
008 140319s1994 xx 000 0 ara d
040 _aGCL /
_cGCL
082 0 4 _a521.4 /
_bا ش
100 1 _aاسحق عظيموف
245 1 0 _aالشموس المتفجرة اسرار السوبرنوفا /
_cتاليف اسحق عظيموف ؛ مترجم السيد محمد عطا
260 _aالقاهرة :
_bالهيئة المصرية العامة للكتاب،
_c1994
300 _a218 ص؛
_b22 سم
490 _aالالف كتاب الثانى
_v( 152 )
650 0 4 _aالنجوم
650 0 4 _aالفلك
650 0 4 _aالنيازك
650 0 4 _aالشمس
650 0 4 _aالمذنبات
700 1 _aالسيد محمد عطا
_eمترجم
942 _2ddc
_cBK
999 _c29696
_d29696